CMOS Mixed-Signal Circuit Design (Record no. 321077)
[ view plain ]
| 000 -LEADER | |
|---|---|
| fixed length control field | 00468nam a2200169Ia 4500 |
| 008 - FIXED-LENGTH DATA ELEMENTS--GENERAL INFORMATION | |
| fixed length control field | 230718s9999 xx 000 0 und d |
| 020 ## - INTERNATIONAL STANDARD BOOK NUMBER | |
| International Standard Book Number | 9788126516575 |
| 041 ## - LANGUAGE CODE | |
| Language code of text/sound track or separate title | eng |
| 082 ## - DEWEY DECIMAL CLASSIFICATION NUMBER | |
| Classification number | 621.395 |
| Item number | BAK |
| 100 ## - MAIN ENTRY--PERSONAL NAME | |
| Personal name | Baker R.J. |
| 245 ## - TITLE STATEMENT | |
| Title | CMOS Mixed-Signal Circuit Design |
| Remainder of title | Volume II of CMOS: Circuit Design, Layout, And Simulation |
| 260 ## - PUBLICATION, DISTRIBUTION, ETC. (IMPRINT) | |
| Date of publication, distribution, etc. | 2014 |
| Name of publisher, distributor, etc. | Wiley |
| 300 ## - PHYSICAL DESCRIPTION | |
| Extent | 501 |
| 365 ## - TRADE PRICE | |
| Currency code | Rs. |
| Price amount | 429.00 |
| 700 ## - ADDED ENTRY--PERSONAL NAME | |
| Personal name | Baker R.J. |
| 906 ## - LOCAL DATA ELEMENT F, LDF (RLIN) | |
| d | B:771813-Feb-2009 |
| c | ETC |
| Withdrawn status | Lost status | Damaged status | Not for loan | Home library | Current library | Date acquired | Vendor | Budget Code | Cost, normal purchase price | Bill number | Total Checkouts | Full call number | Barcode | Date last seen | Cost, replacement price | Bill Date | Koha item type | Original Barcode |
|---|---|---|---|---|---|---|---|---|---|---|---|---|---|---|---|---|---|---|
| Cummins College of Engineering for Women Pune | Cummins College of Engineering for Women Pune | 17/03/2009 | Tbs | ETC | 429.00 | 7718 | 621.395 | CCEP-BK-32284 | 18/07/2023 | 429.00 | 13/02/2009 | Books | 032284 |